Countries Closest to Guatemala - Sudden Death - Statistics

General Stats
  • This quiz has been taken 11 times
  • The average score is 6 of 15
Answers on the Grid
Answers color-coded by a green-red scale on the quiz's grid according to % correct below.
Belize
El Salvador
Honduras
Mexico
Nicaragua
Costa Rica
Cuba
Colombia
Panama
United States
Jamaica
Bahamas
Ecuador
Haiti
Dominican Republic
Peru
Guyana
Bolivia
Brazil
Paraguay
Saint Kitts and Nevis
Trinidad and Tobago
Saint Lucia
Canada
Uruguay
Argentina
Antigua and Barbuda
Nauru
Tuvalu
Chile
 
Answer Stats
Answer % Correct
Honduras
75%
Belize
50%
El Salvador
50%
Haiti
50%
Jamaica
50%
Mexico
50%
Nicaragua
50%
Colombia
25%
Costa Rica
25%
Cuba
25%
Dominican Republic
25%
Ecuador
25%
Panama
25%
United States
25%
Bahamas
0%
No matching quizzes found
Score Distribution
Percent of People with Each Score
Percentile by Number Answered
Your Score History
You have not taken this quiz